000 01424nam a2200337 4500
003 BJBSDDR
005 20240409125959.0
007 ta
008 150124s2019 ck 00| 0 spa d
020 _a9789583510519
020 _a9583510513
040 _bspa
_cBJBSDDR
041 _aspa
_hfre
050 1 4 _aR KJV 115
_bG959d 2019
100 1 _aGuillien, Raymond,
_d1906-1980
_924717
240 1 0 _aLexique de termes juridiques.
_lEspañol
245 1 0 _aDiccionario jurídico /
_cRaymond Guillien, Jean Vincent ; Versión castellana de Jorge Guerrero R. ; bajo la dirección de Serge Guinchard, Gabriel Montagnier; con la colaboración de Jacques Azema y otros.
250 _aOctava reimpresión de la Segunda Edición aumentada y corregida.
260 _aBogotá :
_bEditorial Temis,
_c2019.
300 _a ix, 417 páginas ;
_c22 cm.
500 _aTexto a dos columnas
500 _aTítulo del original francés: Lexique de termes juridiques
520 _aEste modesto léxico de términos jurídicos pretende colocarse entre otras obras similares, aunque no idénticas, que se han publicado últimamente.
650 4 _aDerecho
_vDiccionarios
_915575
700 1 _aVincent, Jean
_925704
700 1 _aGuinchard, Serge,
_d1946-
_95017
_edirector
700 1 _aMontagnier, Gabriel,
_d1932-2009
_935134
_edirector
700 1 _aGuerrero R., Jorge
_935133
_etraductor
942 _2lcc
_cBK
946 _irmza
999 _c120495
_d120495